Parole italiane che derivano dall'antico germanico - Statistics

Statistiche generali
  • Questo quiz è stato fatto 42 volte
  • Il punteggio medio è 9 su 10
Statistiche sulle risposte
Indizio Parola Lingua % Corretto
Conflitto armato, scontro, serie di battaglie. Guerra Germanico comune
100%
Istituto di credito nel quale si può aprire un conto, ove depositare il proprio denaro, e grazie a cui si possono compiere investimenti e operazioni finanziarie, oltre a richiedere prestiti di denaro e finanziamenti. Banca Francone
96%
Parte della gamba compresa tra il ginocchio e la caviglia; in cucina, è famoso quello di maiale al forno. Stinco Longobardo
96%
Sacco di tela o materiali sintetici, spesso con varie tasche, munito di cinghie grazie alle quali lo si può portare a spalle. Zaino Longobardo
96%
Area ricoperta di alberi selvatici d'alto fusto. Talvolta, nelle favole, può essere incantanto. Bosco Francone
93%
Parte dell'equipaggiamento di un guerriero destinata a proteggerne la testa. Elmo Gotico
93%
L'azione di completare una stanza o un locale con le forniture necessarie, quali mobilio, tavoli, sedie e ornamenti. Arredare Gotico
89%
Cassa, generalmente in legno, destinata ad accogliere il corpo di un defunto. Bara Longobardo
89%
Struttura ricettiva in cui si può pernottare e mangiare, sia la prima colazione sia gli altri pasti. Albergo Gotico
82%
Sinonimo di "appendino" e, talvolta, di "stampella". Indica soprattutto un accessorio utilizzato per appendere gli abiti all'interno di un armadio. Gruccia Longobardo
75%
Nessun quiz corrispondente trovato
Distribuzione punteggi
Percentuale di utenti per punteggio
Percentile per numero di risposta
I tuoi punteggi nel tempo
Non hai fatto questo quiz